000 00545nam a2200193Ia 4500
001 19102
003 GE_BSU
008 181216s||||||||xx |||||||||||||| ||und||
040 _cGE_BSU
245 _aТурбизнес=Travel trade russia №9\340 2016.
245 _cГл.ред. Софья Константинова
260 _aMосква.
260 _c2016
300 _a65стр,ил,28см
653 _aПериодика
653 _aТурбизнес=Travel trade russia
653 _aპერიოდიკა
942 _cCR
999 _c52095
_d52095